00443nam a2200109Ia 4500008004100000050002500041100003000066245010600096260008600202300003300288521001200321140724s9999 xx 000 0 und d aRT 85.2b.An581 2011 aAngeles, Rosette Joyce L. aSpirituality and resilience of nursinig and non-nursing students of SISC /cRosette Joyce L. Angeles. aLas Piñas, Philippines :bSouthville International School and Colleges,cc2011. a75 p. :bcol. ill. ;c28 cm. aNursing